Experimentálne aplikácie aditívnej výroby v dizajne mäkkých štruktúr
Na minha lista:
| Autor principal: | |
|---|---|
| Outros Autores: | |
| Formato: | Manuscrito Livro |
| Idioma: | eslovaco |
| Publicado em: |
2025
|
| Assuntos: | |
| Acesso em linha: | http://is.stuba.sk/zp/portal_zp.pl?podrobnosti=183685 |
| Tags: |
Sem tags, seja o primeiro a adicionar uma tag!
|
MARC
| LEADER | 00000ntm a22000003a 4500 | ||
|---|---|---|---|
| 001 | stuzp105060 | ||
| 003 | SK-STU | ||
| 005 | 20250607211049.0 | ||
| 007 | ta | ||
| 008 | 150427s2015----xo-----f-mn---000-0-slo-d | ||
| 040 | |a STU |b slo | ||
| 041 | 0 | |a slo | |
| 100 | 1 | |a Horová, Žofia |u 059190 |4 aut |U FAD Fakulta architektúry a dizajnu |T FAD Ústav dizajnu |X 103628 |U A9190 |Y 400 |7 103628 | |
| 242 | 0 | 1 | |a Experimental applications of additive manufacturing in the design of cushioning structures |y eng |
| 245 | 1 | 0 | |a Experimentálne aplikácie aditívnej výroby v dizajne mäkkých štruktúr |
| 260 | |c 2025 | ||
| 650 | 4 | |a additive manufacturing |2 eng | |
| 650 | 4 | |a upholstery |2 eng | |
| 650 | 4 | |a soft seating |2 eng | |
| 650 | 4 | |a mxlab |2 eng | |
| 650 | 4 | |a comfort |2 eng | |
| 650 | 4 | |a aditívna výroba |2 slo | |
| 650 | 4 | |a mäkké sedenie |2 slo | |
| 650 | 4 | |a komfort |2 slo | |
| 650 | 4 | |a čalúnenie |2 slo | |
| 650 | 4 | |a mxlab |2 slo | |
| 700 | 1 | |a Lipková, Michala |u 059190 |k Z1 |4 ths |U FAD Fakulta architektúry a dizajnu |T FAD Ústav dizajnu |X 15371 |U A9190 |Y 400 |7 A000015371 | |
| 856 | 4 | |u http://is.stuba.sk/zp/portal_zp.pl?podrobnosti=183685 | |